000 00612nam a22001457a 4500
020 _a978-0-09-954793-8
082 _a823
_bGRI/F
100 _aGRISHAM, JOHN
245 _aFORD COUNTY
260 _aLONDON
_bARROW BOOKS
300 _a344
520 _aThree good ol' boys from rural Ford County begin a journey to the big city of Memphis to give blood to a grievously injured friend. However, they are unable to drive past a beer store as the trip takes longer and longer. The journey comes to an abrupt end when they make a fateful stop at a Memphis strip club.
650 _aNOVEL,ENGLISH
_zLONDON
942 _cBK
999 _c2374
_d2374